<?xml version="1.0" encoding="UTF-8"?>
<record
    xmlns:xsi="http://www.w3.org/2001/XMLSchema-instance"
    xsi:schemaLocation="http://www.loc.gov/MARC21/slim http://www.loc.gov/standards/marcxml/schema/MARC21slim.xsd"
    xmlns="http://www.loc.gov/MARC21/slim">

  <leader>00658nam a22001817a 4500</leader>
  <controlfield tag="005">20111212120047.0</controlfield>
  <datafield tag="020" ind1=" " ind2=" ">
    <subfield code="a">9780007244447</subfield>
    <subfield code="c">75.00</subfield>
  </datafield>
  <datafield tag="037" ind1=" " ind2=" ">
    <subfield code="b">Blueberry Books </subfield>
  </datafield>
  <datafield tag="100" ind1=" " ind2=" ">
    <subfield code="a">Morgan, Michaela </subfield>
    <subfield code="9">36781</subfield>
  </datafield>
  <datafield tag="245" ind1=" " ind2=" ">
    <subfield code="a">Rat-a-tat -tat /</subfield>
    <subfield code="c">by Michaela Morgan; illustrated by Dave Williams</subfield>
  </datafield>
  <datafield tag="260" ind1=" " ind2=" ">
    <subfield code="a">London </subfield>
    <subfield code="b">Collins </subfield>
    <subfield code="c">2007</subfield>
  </datafield>
  <datafield tag="270" ind1=" " ind2=" ">
    <subfield code="a">77-85 Fulhom Palace Road, Hammersmith</subfield>
    <subfield code="b">London</subfield>
  </datafield>
  <datafield tag="300" ind1=" " ind2=" ">
    <subfield code="a">Level 2-book C (24p.)  </subfield>
    <subfield code="b">ill. </subfield>
    <subfield code="c">20cm(pbk) </subfield>
  </datafield>
  <datafield tag="490" ind1=" " ind2=" ">
    <subfield code="a">Read at home</subfield>
    <subfield code="9">36782</subfield>
  </datafield>
  <datafield tag="700" ind1=" " ind2=" ">
    <subfield code="a">Williams, Dave </subfield>
    <subfield code="9">36783</subfield>
  </datafield>
  <datafield tag="942" ind1=" " ind2=" ">
    <subfield code="2">ddc</subfield>
    <subfield code="c">CH</subfield>
    <subfield code="m">MOR</subfield>
  </datafield>
  <datafield tag="999" ind1=" " ind2=" ">
    <subfield code="c">59270</subfield>
    <subfield code="d">59270</subfield>
  </datafield>
  <datafield tag="952" ind1=" " ind2=" ">
    <subfield code="0">0</subfield>
    <subfield code="1">0</subfield>
    <subfield code="3">Level 2-bo</subfield>
    <subfield code="4">0</subfield>
    <subfield code="7">0</subfield>
    <subfield code="a">AG</subfield>
    <subfield code="b">AG</subfield>
    <subfield code="d">2011-12-12</subfield>
    <subfield code="g">75.00</subfield>
    <subfield code="l">0</subfield>
    <subfield code="o">MOR</subfield>
    <subfield code="r">2011-12-12 00:00:00</subfield>
    <subfield code="v">75.00</subfield>
    <subfield code="w">2011-12-12</subfield>
    <subfield code="y">CH</subfield>
    <subfield code="z">Level 2-book C</subfield>
  </datafield>
</record>
